| 000 | 00461pab a2200181 454500 | ||
|---|---|---|---|
| 008 | 180718b2008 xxu||||| |||| 00| 0 eng d | ||
| 100 | _aDas, Amarendra | ||
| 245 | _aCommunity participation in monitoring coal production | ||
| 260 | _c2008 | ||
| 300 | _ap.77-79. | ||
| 362 | _a9 Feb | ||
| 650 | _aCommunity participation | ||
| 650 | _aCoal industry | ||
| 700 | _aJoe, William | ||
| 773 | _aEconomic and Political Weekly | ||
| 908 | _aN | ||
| 909 | _a77196 | ||
| 999 |
_c77196 _d77196 |
||